| 000 | 00611nam a2200205 a 4500 | ||
|---|---|---|---|
| 001 | 3562 | ||
| 005 | 20140414132028.0 | ||
| 008 | 040116s19uu xx 00 eng d | ||
| 020 | _a0-89565-295-1 | ||
| 050 |
_aTR _bM66 1984 |
||
| 100 | _aMoncure, Jane Belk | ||
| 245 |
_aMy "x, y, z" book / _cJane Belk Moncure. |
||
| 260 |
_aChicago : _bThe Child's Word, _c1984. |
||
| 300 | _a29 p. ; cm. | ||
| 440 | _aMy first steps to reading | ||
| 500 | _aTR/PS | ||
| 520 | _alittle x, y, and little z fill their boxes with things that begin with the letters "x, y and z". | ||
| 650 | _aAlphabet. | ||
| 999 |
_c113575 _d113575 |
||